000 00682npm a2200217 i 4500
001 5222
003 ES-MaACL
005 20230908131306.0
007 hzrazu bucu
008 900424r19901855po a 00010 por d
080 _a05(469.4 Lisboa) Revista
080 _a05(469)
245 0 0 _aRevista Peninsular
_b: [Microforma].
260 _aMadrid :
_bAteneo Cientifico, Literario y Artistico,
_c1990.
300 _a1 carrete microfilme :
_bnegativo ;
_c16 mm.
500 _aPublicado originalmente: Lisboa, Typ. do Progresso, 1855-1856.
505 8 _a1855 a 1856
852 _aES-MaACL
_jMC-512
_95339
_cDEPO1
942 _2udc
_cMICROFORMA
999 _c5222
_d5222